=LDR 00000nam 2200000 4500 =001 INLIS000000000008684 =005 20130612100524 =008 ***********************************Ind** =035 ##$$0010-061300000008684 =041 ##$$a Ind =082 ##$$a 372.607 6 =090 ##$$a 372.607 6, Lan l =245 ##$$a Lancar dan Terampil Berbahasa Indonesia Jl 6 Kls vi =260 ##$$a 1999 $b Semarang =300 ##$$a 111, 93 hlm, 30 cm =650 ##$$a Bahasa Indonesia - Ujian, Soal